000 01281 a2200265 4500
001 46683
005 20260407155737.0
008 260407a1988 arg spa d
003 AR-UNSa-BCEJYS
040 _aAR-UNSa-BCEJYS
_bspa
_cAR-UNSa-BCEJYS
080 _a330.35
_xCrecimiento económico
245 1 0 _aIntroducción a las teorías modernas del crecimiento económico
020 _a84-7162-785-X
250 _a2a. ed.
264 1 _aBarcelona :
_bAntoni Bosch
_c1988
300 _a313 p.
_c22 cm.
505 _a1. Crecimiento económico: teorías, modelos y “realidad” – 2. Conceptos y métodos de la teoría del crecimiento – 3. El modelo de crecimiento económico de Harrod-Domar – 4. El modelo de crecimiento neoclásico unisectorial – 5. Modelos de crecimiento económico bisectoriales – 6. La crítica de Cambridge – 7. Las acepciones sencillas del progreso técnico – 8. La transmisión y las causas del progreso técnico – 9. Crecimiento económico y bienestar.
041 _aspa
942 _cBK
590 _aniveau_biblio:m niveau_hierar:0
100 1 _aJones, Hywel
700 1 _aAguiló, Eugeni
700 1 _aMenduiña, Antonio
856 4 1 _uhttps://www.biblioeco.unsa.edu.ar/pmb/images/libros/L128351.jpg
_yImagen de portada
_qimage/jpeg
999 _c4231
_d4231